[Event "I Festival Terra degli Elimi"]
[Site "Erice ITA"]
[Date "2010.07.29"]
[Round "2"]
[White "Profumo, Alberto"]
[Black "Palazzotto, Roberto"]
[Result "1-0"]
[WhiteElo "2261"]
[BlackElo "1973"]
[PlyCount "91"]
[EventDate "2010.07.28"]

1. Nf3 d5 2. g3 c5 3. Bg2 Nf6 4. O-O Nc6 5. d4 e6 6. c4 dxc4 7. Ne5 Nxe5 8.
dxe5 Nd5 9. Na3 Be7 10. Nxc4 O-O 11. Nd6 Qc7 12. e4 Nb4 13. Be3 Rd8 14. Qb3 b6
15. Rfd1 Ba6 16. f4 Nc6 17. Qa4 Bb7 18. Nb5 Qc8 19. Rac1 a6 20. Nd6 Qc7 21. Qb3
Na5 22. Qd3 Nc6 23. a3 Rd7 24. b4 cxb4 25. axb4 Qd8 26. Qb3 Bxd6 27. exd6 Rxd6
28. Rxd6 Qxd6 29. e5 Qd7 30. Rd1 Qc7 31. Qc4 Rc8 32. Rd6 h6 33. Qc3 Ba8 34. Qd2
Rb8 35. Qc3 Rc8 36. h4 Bb7 37. h5 b5 38. Be4 Ba8 39. Qd2 Bb7 40. Rd7 Qb8 41.
Kh2 Re8 42. Bb1 Rd8 43. Qd3 g6 44. hxg6 Rxd7 45. Qxd7 fxg6 46. Qxe6+ 1-0

[Event "I Festival Terra degli Elimi"]
[Site "Erice ITA"]
[Date "2010.07.29"]
[Round "2"]
[White "Puleo, Diego"]
[Black "Ljubisavljevic, Zivojin Z."]
[Result "0-1"]
[WhiteElo "1938"]
[BlackElo "2271"]
[PlyCount "90"]
[EventDate "2010.07.28"]

1. e4 c6 2. d4 d5 3. exd5 cxd5 4. c4 Nf6 5. Nc3 Nc6 6. cxd5 Nxd5 7. Bc4 e6 8.
Nf3 Nb6 9. Bd3 Be7 10. O-O Bf6 11. Be3 Nd5 12. a3 O-O 13. Rc1 Nxc3 14. bxc3 Be7
15. Qc2 f5 16. Ra1 Bd7 17. Bc1 Rc8 18. Bb2 Bf6 19. Qb3 Kh8 20. Rfe1 Na5 21. Qa2
b5 22. Nd2 Qc7 23. a4 bxa4 24. c4 Nc6 25. Qxa4 Ra8 26. Qc2 Nxd4 27. Bxd4 Bxd4
28. Rab1 a5 29. Nb3 Be5 30. Qe2 Bf6 31. Rec1 a4 32. Na1 e5 33. c5 e4 34. Bb5
Bxb5 35. Qxb5 Rfb8 36. Qc4 a3 37. c6 Rb2 38. Rd1 Qb6 39. Rxb2 axb2 40. Nb3 Rc8
41. g4 Qxc6 42. Qxc6 Rxc6 43. gxf5 h6 44. Kf1 Bg5 45. Rb1 Rc1+ 0-1

[Event "I Festival Terra degli Elimi"]
[Site "Erice ITA"]
[Date "2010.07.29"]
[Round "2"]
[White "Savalla, Gianluca"]
[Black "Fontana, Giulio"]
[Result "0-1"]
[WhiteElo "1362"]
[BlackElo "1602"]
[PlyCount "52"]
[EventDate "2010.07.28"]

1. e4 c5 2. d3 Nc6 3. Nf3 d6 4. Be2 g6 5. O-O Bg7 6. Nc3 Nf6 7. Be3 a6 8. h3
Bd7 9. Qd2 h5 10. d4 cxd4 11. Nxd4 Qc8 12. Rfd1 b5 13. a3 h4 14. Bf3 Ne5 15.
Be2 Bxh3 16. gxh3 Qxh3 17. f3 Qg3+ 18. Kf1 h3 19. Bg1 Qg2+ 20. Ke1 Qxg1+ 21.
Bf1 h2 22. Nce2 Qxf1+ 23. Kxf1 h1=Q+ 24. Ng1 Rh2 25. Qc3 Qg2+ 26. Ke1 Qf2# 0-1

[Event "I Festival Terra degli Elimi"]
[Site "Erice ITA"]
[Date "2010.07.30"]
[Round "3"]
[White "Agnello, Francesco Claudio"]
[Black "Condorelli, Roberto"]
[Result "1/2-1/2"]
[WhiteElo "1470"]
[BlackElo "1653"]
[PlyCount "140"]
[EventDate "2010.07.28"]

1. d4 Nf6 2. e3 e6 3. Bd3 b6 4. f4 Bb7 5. Nf3 Be7 6. O-O d6 7. Nbd2 Nbd7 8. c3
c5 9. Qe2 Qc7 10. e4 e5 11. fxe5 dxe5 12. dxe5 Nxe5 13. Nxe5 Qxe5 14. Bb5+ Kf8
15. Bd3 Bd6 16. Nf3 Qh5 17. g3 Re8 18. Re1 c4 19. Bc2 b5 20. b3 Bxe4 21. Bxe4
Rxe4 22. Qg2 g6 23. Rxe4 Nxe4 24. Bb2 Bc5+ 25. Nd4 Nf6 26. Kh1 Bb6 27. Rf1 Kg7
28. Ba3 Re8 29. Nf3 Re3 30. Nh4 Re2 31. Qc6 Qd5+ 32. Qxd5 Nxd5 33. Ra1 Nxc3 34.
bxc4 bxc4 35. Rc1 Ne4 36. Rxc4 Nf2+ 37. Kg2 Nd1+ 38. Kh3 Nf2+ 39. Kg2 Nd3+ 40.
Kh3 Rxa2 41. Bd6 Bg1 42. g4 Rxh2+ 43. Bxh2 Bb6 44. Rc3 Nf2+ 45. Kg2 Nxg4 46.
Kh3 Nf2+ 47. Kg2 Ng4 48. Bg1 f5 49. Bxb6 axb6 50. Rb3 Kf6 51. Rxb6+ Kg5 52.
Nf3+ Kf4 53. Rb4+ Ke3 54. Rb3+ Kf4 55. Rb7 h6 56. Rg7 g5 57. Nh2 Ne3+ 58. Kg1
Ng4 59. Nxg4 Kxg4 60. Rh7 h5 61. Kg2 f4 62. Rd7 Kh4 63. Rd4 Kg4 64. Rd3 Kf5 65.
Rh3 Kg6 66. Kf2 g4 67. Rh2 Kg5 68. Kg2 Kg6 69. Rh1 Kg5 70. Kf2 h4 1/2-1/2

[Event "I Festival Terra degli Elimi"]
[Site "Erice ITA"]
[Date "2010.07.30"]
[Round "3"]
[White "Bertino, Giacomo"]
[Black "Gromovs, Sergejs"]
[Result "1/2-1/2"]
[WhiteElo "1988"]
[BlackElo "2365"]
[PlyCount "69"]
[EventDate "2010.07.28"]

1. d4 d5 2. c4 e5 3. dxe5 d4 4. Nf3 Nc6 5. a3 Bg4 6. Nbd2 f6 7. exf6 Nxf6 8. g3
Be7 9. Bg2 O-O 10. Nb3 Ne4 11. O-O Bf6 12. Nfxd4 Nxf2 13. Rxf2 Nxd4 14. Nxd4
Bxd4 15. Bd5+ Qxd5 16. cxd5 Bxf2+ 17. Kg2 Rae8 18. Qa4 Bxe2 19. Qxe8 Rxe8 20.
Kxf2 Bc4 21. Be3 Rf8+ 22. Kg1 a6 23. Bf4 Bxd5 24. Bxc7 Rc8 25. Rc1 Bc6 26. Ba5
h5 27. Rd1 Be8 28. Kf2 Rc2+ 29. Rd2 Rc1 30. Ke3 Bc6 31. Rf2 Rc4 32. Rf4 Rc2 33.
Rf2 Rc4 34. Rf4 Rc2 35. Rf2 1/2-1/2

[Event "I Festival Terra degli Elimi"]
[Site "Erice ITA"]
[Date "2010.07.30"]
[Round "3"]
[White "Bifulco, Michel"]
[Black "Bocci, Alessandro"]
[Result "1-0"]
[WhiteElo "1952"]
[BlackElo "1961"]
[PlyCount "83"]
[EventDate "2010.07.28"]

1. d4 Nf6 2. c4 g6 3. Nc3 Bg7 4. e4 d6 5. Be2 O-O 6. Bg5 c5 7. d5 e6 8. Qd2
exd5 9. exd5 Re8 10. Nf3 Bg4 11. O-O-O Nbd7 12. h3 Bxf3 13. gxf3 a6 14. h4 Qa5
15. h5 b5 16. hxg6 fxg6 17. Bh6 Re7 18. Bxg7 Rxg7 19. cxb5 axb5 20. Bxb5 Ne5
21. Rh3 Rb8 22. f4 Ned7 23. a4 c4 24. Ne4 Qxd2+ 25. Nxd2 c3 26. Rxc3 Nc5 27. b4
Nce4 28. Nxe4 Nxe4 29. Rc2 h5 30. Rd4 Nf6 31. Bc6 h4 32. b5 h3 33. f3 g5 34.
Rh2 gxf4 35. Rxh3 Rg3 36. Rxg3+ fxg3 37. Rd1 Nh5 38. Rg1 Kf7 39. Kd2 Rg8 40. b6
g2 41. b7 Nf4 42. Ke3 1-0

[Event "I Festival Terra degli Elimi"]
[Site "Erice ITA"]
[Date "2010.07.30"]
[Round "3"]
[White "Di Via, Saverio"]
[Black "Puleo, Diego"]
[Result "0-1"]
[WhiteElo "1740"]
[BlackElo "1938"]
[PlyCount "76"]
[EventDate "2010.07.28"]

1. c3 f5 2. d4 Nf6 3. Nf3 e6 4. Bf4 Be7 5. h3 b6 6. Nbd2 Bb7 7. Qc2 Ne4 8. e3
O-O 9. Bd3 d5 10. Ne5 Nd7 11. Ndf3 a6 12. Nxd7 Qxd7 13. Ne5 Qe8 14. f3 Bh4+ 15.
Ke2 Nf2 16. Rhf1 Nxd3 17. Qxd3 c5 18. g4 Bf6 19. Rg1 a5 20. Kd2 Ba6 21. Qc2
Bxe5 22. Bxe5 Ra7 23. f4 Qc6 24. Rg2 Rff7 25. Rag1 c4 26. h4 b5 27. h5 b4 28.
gxf5 exf5 29. Rg5 Bc8 30. Kc1 Qh6 31. Qa4 Bd7 32. Bxg7 Qxg5 33. Rxg5 Bxa4 34.
h6 Rxg7 35. hxg7 Rxg7 36. Rxf5 Rg2 37. Rxd5 Rc2+ 38. Kb1 Rd2 0-1

[Event "I Festival Terra degli Elimi"]
[Site "Erice ITA"]
[Date "2010.07.30"]
[Round "3"]
[White "Fontana, Giulio"]
[Black "Morello, Guido"]
[Result "0-1"]
[WhiteElo "1602"]
[BlackElo "1973"]
[PlyCount "50"]
[EventDate "2010.07.28"]

1. e4 c5 2. d4 cxd4 3. c3 d5 4. Qxd4 dxe4 5. Qxd8+ Kxd8 6. Bc4 e6 7. Ne2 Bd6 8.
Bf4 Bxf4 9. Nxf4 Nf6 10. Nd2 Ke7 11. O-O-O a6 12. h3 b5 13. Bb3 Bb7 14. Rhe1
Nbd7 15. Bc2 Nc5 16. g4 g5 17. Ng2 h5 18. Ne3 hxg4 19. hxg4 Rac8 20. f3 b4 21.
c4 Rhd8 22. fxe4 Nfxe4 23. Nxe4 Nxe4 24. Bxe4 Bxe4 25. Nd5+ Bxd5 0-1

[Event "I Festival Terra degli Elimi"]
[Site "Erice ITA"]
[Date "2010.07.30"]
[Round "3"]
[White "Lissandrello, Luca"]
[Black "Piazza, Francesco"]
[Result "1-0"]
[WhiteElo "1655"]
[BlackElo "1392"]
[PlyCount "61"]
[EventDate "2010.07.28"]

1. e4 e5 2. Nf3 Nc6 3. d4 exd4 4. Bc4 Be7 5. c3 d6 6. cxd4 Nf6 7. Nc3 Bg4 8.
Be3 Qd7 9. Rc1 Rd8 10. b4 Nxb4 11. Qb3 d5 12. exd5 Bxf3 13. gxf3 Nfxd5 14. Nxd5
Nxd5 15. Qxb7 Bb4+ 16. Ke2 O-O 17. Bxd5 Qxd5 18. Qxb4 Qxa2+ 19. Qd2 Qa6+ 20.
Qd3 Qd6 21. h4 Rfe8 22. Rhg1 Qf4 23. Rg4 Qf6 24. Re4 a5 25. Bg5 Rxe4+ 26. Qxe4
Qa6+ 27. Qd3 Re8+ 28. Be3 Qh6 29. Rxc7 Qxh4 30. Qc4 Qf6 31. Qb5 1-0

[Event "I Festival Terra degli Elimi"]
[Site "Erice ITA"]
[Date "2010.07.30"]
[Round "3"]
[White "Lo Cascio, Marco"]
[Black "Castelli, Giovanni J."]
[Result "0-1"]
[WhiteElo "1593"]
[BlackElo "1792"]
[PlyCount "64"]
[EventDate "2010.07.28"]

1. e4 e5 2. Nf3 Nc6 3. Bc4 Be7 4. d4 d6 5. h3 exd4 6. Nxd4 Nf6 7. Nc3 O-O 8.
O-O Nxd4 9. Qxd4 a6 10. Be3 c5 11. Qd2 b5 12. Bd5 Rb8 13. Rab1 Qc7 14. Ne2 Nxd5
15. exd5 Bf6 16. Ng3 Re8 17. Nh5 Qd8 18. Nxf6+ Qxf6 19. Bg5 Qg6 20. Be3 Bxh3
21. g3 Qe4 22. f3 Qxe3+ 23. Qxe3 Rxe3 24. Kf2 Rbe8 25. Rfe1 Rxe1 26. Rxe1 Rxe1
27. Kxe1 Bf5 28. Kd2 g5 29. g4 Bg6 30. a3 h5 31. gxh5 Bxh5 32. Ke3 f5 0-1

[Event "I Festival Terra degli Elimi"]
[Site "Erice ITA"]
[Date "2010.07.30"]
[Round "3"]
[White "Lo Pinto, Giovanni"]
[Black "La Bella, Roberto"]
[Result "1-0"]
[WhiteElo "1929"]
[BlackElo "2098"]
[PlyCount "81"]
[EventDate "2010.07.28"]

1. e4 e5 2. Qh5 Nc6 3. Bc4 Qe7 4. d3 Nf6 5. Qd1 d6 6. Nc3 Be6 7. Nge2 Nxe4 8.
Nxe4 d5 9. Bb5 dxe4 10. Bxc6+ bxc6 11. dxe4 Rd8 12. Bd2 Bg4 13. f3 Bc8 14. Qc1
Ba6 15. c4 Qd7 16. b3 Ba3 17. Qxa3 Qxd2+ 18. Kf2 Rd3 19. Qxa6 Qe3+ 20. Kf1 O-O
21. Re1 Rd2 22. Qa3 Rc2 23. Qe7 f6 24. Qe6+ Kh8 25. h4 Rd8 26. Qe7 Rcd2 27. Rh3
R2d7 28. Qe6 Rd6 29. Qg4 Rd2 30. Qg3 Rxa2 31. Qf2 Qxb3 32. f4 Qxc4 33. fxe5
fxe5 34. Rf3 Qb4 35. Rf7 Qd6 36. Qg3 Qh6 37. Qxe5 Ra4 38. Qe7 Rg8 39. Rf8 Rxe4
40. Rxg8+ Kxg8 41. Qxe4 1-0

[Event "I Festival Terra degli Elimi"]
[Site "Erice ITA"]
[Date "2010.07.30"]
[Round "3"]
[White "Marholev, Dimitar"]
[Black "Messina, Damiano"]
[Result "1-0"]
[WhiteElo "2428"]
[BlackElo "2001"]
[PlyCount "91"]
[EventDate "2010.07.28"]

1. e4 c6 2. d4 d5 3. Nc3 dxe4 4. Nxe4 Bf5 5. Nc5 Qb6 6. Nf3 e6 7. Nd3 Nf6 8.
Be2 Be7 9. O-O Nbd7 10. a4 a5 11. c4 c5 12. Be3 Ng4 13. Nxc5 Nxc5 14. dxc5 Nxe3
15. cxb6 Nxd1 16. Rfxd1 Bc5 17. Nd4 Bxb6 18. Nxf5 exf5 19. Bf3 Rc8 20. Re1+ Kf8
21. b3 Rc7 22. Rad1 g6 23. Re5 Bc5 24. Bxb7 Kg7 25. Bf3 Rb8 26. Rd3 Kf6 27. Re2
h6 28. g3 Rb6 29. Re8 Re6 30. Ra8 Bb4 31. Kg2 Be1 32. Rd1 Bb4 33. Rb8 g5 34. h3
Re5 35. Rb6+ Kg7 36. Rb5 f6 37. Bh5 Rce7 38. Rd8 Rxb5 39. axb5 Rc7 40. Bf3 Bc5
41. Bd5 Kg6 42. Ra8 Ra7 43. Rc8 Bd4 44. c5 Rd7 45. Bc4 Re7 46. b6 1-0

[Event "I Festival Terra degli Elimi"]
[Site "Erice ITA"]
[Date "2010.07.30"]
[Round "3"]
[White "Milletari', Ruggero"]
[Black "Monaco, Alessandro"]
[Result "0-1"]
[WhiteElo "1605"]
[BlackElo "1802"]
[PlyCount "88"]
[EventDate "2010.07.28"]

1. d4 Nf6 2. c4 c5 3. d5 e6 4. Nc3 exd5 5. cxd5 d6 6. e4 g6 7. Nf3 Bg4 8. Bb5+
Nfd7 9. h3 Bxf3 10. Qxf3 a6 11. Bxd7+ Nxd7 12. Bf4 Qe7 13. O-O Bg7 14. Qg3 Be5
15. Bxe5 Qxe5 16. Qxe5+ Nxe5 17. b3 g5 18. Na4 b5 19. Nb2 Ng6 20. g3 h5 21. f4
gxf4 22. gxf4 Rg8 23. Kh2 f6 24. Nd3 a5 25. Rae1 Kd7 26. e5 fxe5 27. fxe5 Nxe5
28. Nxe5+ dxe5 29. Rxe5 Raf8 30. Ref5 Re8 31. R1f2 h4 32. Rh5 Rh8 33. Rf7+ Kd6
34. Rf6+ Kd7 35. Rxh8 Rxh8 36. Rc6 Rc8 37. Ra6 c4 38. bxc4 bxc4 39. Ra7+ Rc7
40. Rxa5 c3 41. d6 Rc6 42. Rg5 c2 43. Rg7+ Kxd6 44. Rg6+ Kc7 0-1

[Event "I Festival Terra degli Elimi"]
[Site "Erice ITA"]
[Date "2010.07.30"]
[Round "3"]
[White "Nobile, Stefano"]
[Black "Lo Piccolo, Antonino"]
[Result "1/2-1/2"]
[WhiteElo "1740"]
[BlackElo "1879"]
[PlyCount "48"]
[EventDate "2010.07.28"]

1. d4 Nf6 2. c4 g6 3. Nc3 Bg7 4. e4 d6 5. Be2 O-O 6. Nf3 c5 7. d5 e6 8. O-O Re8
9. Bg5 Qb6 10. Rb1 Na6 11. Re1 h6 12. Bh4 g5 13. Bg3 exd5 14. Nxd5 Nxd5 15.
Qxd5 Rd8 16. a3 Nc7 17. Qd3 Ne6 18. Red1 Nd4 19. Nxd4 Bxd4 20. b4 Qc6 21. Kh1
Be6 22. f4 f6 23. Bh5 Qd7 24. f5 Bf7 1/2-1/2

[Event "I Festival Terra degli Elimi"]
[Site "Erice ITA"]
[Date "2010.07.30"]
[Round "3"]
[White "Nocera, Alice"]
[Black "Ardizzone, Luigi"]
[Result "1-0"]
[WhiteElo "1389"]
[BlackElo "1562"]
[PlyCount "95"]
[EventDate "2010.07.28"]

1. d4 f5 2. Nf3 Nf6 3. c3 d5 4. Bg5 e6 5. e3 Be7 6. Nbd2 O-O 7. Bd3 Bd7 8. O-O
Be8 9. Ne5 Nbd7 10. f4 Bh5 11. Qe1 h6 12. Bxf6 Rxf6 13. Qh4 g6 14. Ndf3 Rf8 15.
Qg3 Kh7 16. Be2 Nxe5 17. dxe5 Bxf3 18. Qxf3 Rg8 19. Qh3 g5 20. e4 g4 21. Qh5
Qe8 22. Qxe8 Raxe8 23. exd5 exd5 24. Bd3 Ref8 25. Rad1 c6 26. b4 g3 27. h3 h5
28. Rfe1 h4 29. a4 c5 30. Bb5 a6 31. Bd7 cxb4 32. Be6 Bc5+ 33. Kf1 Rg6 34. Bxd5
bxc3 35. Bxb7 c2 36. Rd7+ Kh6 37. Rc7 Bb4 38. Rc1 Rd8 39. R7xc2 a5 40. Rc6 Rd2
41. Rxg6+ Kxg6 42. Rc6+ Kf7 43. Rf6+ Ke7 44. Rxf5 Rf2+ 45. Kg1 Rc2 46. Kf1 Rf2+
47. Kg1 Bc5 48. Ba6 {...} 1-0

[Event "I Festival Terra degli Elimi"]
[Site "Erice ITA"]
[Date "2010.07.30"]
[Round "3"]
[White "Palazzotto, Roberto"]
[Black "Piazza, Dario"]
[Result "1/2-1/2"]
[WhiteElo "1973"]
[BlackElo "1662"]
[PlyCount "53"]
[EventDate "2010.07.28"]

1. e4 d6 2. d4 Nf6 3. Nc3 c6 4. g3 Qa5 5. Bg2 Nbd7 6. Nge2 e5 7. O-O Be7 8. f4
O-O 9. h3 Qd8 10. g4 exf4 11. Nxf4 h6 12. h4 Nh7 13. h5 Ng5 14. Nh3 Nxh3+ 15.
Bxh3 Nb6 16. Ne2 Bd7 17. Ng3 Bg5 18. Bf4 Nc4 19. Qc1 Bf6 20. c3 Be7 21. b3 Nb6
22. Nf5 Bxf5 23. gxf5 Nd7 24. Kh1 Nf6 25. e5 dxe5 26. dxe5 Nxh5 27. Bxh6
1/2-1/2

[Event "I Festival Terra degli Elimi"]
[Site "Erice ITA"]
[Date "2010.07.30"]
[Round "3"]
[White "Savalla, Pietro"]
[Black "Ferrante, Filippo"]
[Result "1-0"]
[WhiteElo "1583"]
[BlackElo "1619"]
[PlyCount "69"]
[EventDate "2010.07.28"]

1. e4 e6 2. d4 d5 3. exd5 exd5 4. Nf3 Bd6 5. h3 Ne7 6. Bd3 c6 7. O-O O-O 8. Re1
Nd7 9. Nc3 Re8 10. a3 Nf8 11. Ne2 Qc7 12. c4 dxc4 13. Bxc4 Be6 14. Bxe6 Nxe6
15. Nc3 Rad8 16. Kh1 Bf4 17. Bxf4 Qxf4 18. Ne2 Qf6 19. Qa4 a6 20. Rad1 Nd5 21.
Ng3 Qe7 22. Qc4 Qc7 23. b4 b5 24. Qc2 f6 25. Rc1 Rc8 26. Qd2 Qd7 27. Ne4 Nb6
28. Nc5 Nxc5 29. dxc5 Qxd2 30. Nxd2 Nd5 31. Ne4 Nf4 32. Nd6 Rxe1+ 33. Rxe1 Kf8
34. Nxc8 Nd3 35. Rf1 1-0

[Event "I Festival Terra degli Elimi"]
[Site "Erice ITA"]
[Date "2010.07.30"]
[Round "3"]
[White "Valguarnera, Girolamo"]
[Black "Gangemi, Salvatore"]
[Result "1/2-1/2"]
[WhiteElo "2179"]
[BlackElo "2091"]
[PlyCount "111"]
[EventDate "2010.07.28"]

1. e4 e6 2. d4 d5 3. Nc3 Nf6 4. Bg5 Be7 5. e5 Nfd7 6. h4 a6 7. Qg4 Bxg5 8. hxg5
Qe7 9. g6 f5 10. exf6 Nxf6 11. Qf4 h6 12. Nf3 Rf8 13. Ne5 Ne4 14. Nf7 Nd6 15.
Nxd6+ cxd6 16. Qe3 Kd8 17. O-O-O Qf6 18. Bd3 Nc6 19. Ne2 Bd7 20. c3 Kc7 21. f4
Ne7 22. g4 Nxg6 23. g5 hxg5 24. fxg5 Qf7 25. Rdf1 Qxf1+ 26. Rxf1 Rxf1+ 27. Kc2
Nf8 28. Nf4 Ra1 29. Kb3 b5 30. Nh5 a5 31. Nxg7 b4 32. cxb4 axb4 33. Qf2 Ba4+
34. Kxb4 Rxa2 35. Qf7+ Bd7 36. Kb3 Kb6 37. Qe7 Ba4+ 38. Kc3 Rc8+ 39. Kd2 Rxb2+
40. Ke3 Rc3 41. Qxd6+ Rc6 42. Qxf8 Bb5 43. Qb8+ Ka5 44. Bxb5 Rxb5 45. Qxb5+
Kxb5 46. Kf4 Rc1 47. Nxe6 Kc6 48. g6 Kd6 49. Kf5 Rf1+ 50. Nf4 Ke7 51. Ke5 Re1+
52. Kxd5 Kf6 53. Nd3 Rd1 54. Ne5 Re1 55. Kc5 Re2 56. Kd5 1/2-1/2

[Event "I Festival Terra degli Elimi"]
[Site "Erice ITA"]
[Date "2010.07.31"]
[Round "4"]
[White "Ardizzone, Luigi"]
[Black "Piazza, Francesco"]
[Result "1-0"]
[WhiteElo "1562"]
[BlackElo "1392"]
[PlyCount "59"]
[EventDate "2010.07.28"]

1. c4 e5 2. Nc3 Bb4 3. g3 Nf6 4. Bg2 Nc6 5. d3 d6 6. Bd2 Be6 7. Nf3 Qe7 8. a3
Bc5 9. b4 Bd4 10. Nxd4 exd4 11. Ne4 Bf5 12. Nxf6+ gxf6 13. O-O Rg8 14. b5 Nd8
15. a4 h5 16. h4 Qd7 17. Kh2 Rb8 18. Bf4 Ne6 19. Qd2 Ke7 20. e4 Bh7 21. Bh3 c5
22. Qd1 Rg7 23. Qxh5 Nxf4 24. gxf4 Bg6 25. Qf3 f5 26. Rae1 Kf6 27. e5+ dxe5 28.
Rxe5 Rh8 29. Qg2 Qc7 30. Qg5# 1-0

[Event "I Festival Terra degli Elimi"]
[Site "Erice ITA"]
[Date "2010.07.31"]
[Round "4"]
[White "Bertino, Giacomo"]
[Black "Ljubisavljevic, Zivojin Z."]
[Result "0-1"]
[WhiteElo "1988"]
[BlackElo "2271"]
[PlyCount "142"]
[EventDate "2010.07.28"]

1. e4 g6 2. d4 Bg7 3. Nc3 c5 4. Nf3 cxd4 5. Nxd4 Nc6 6. Be3 Nf6 7. f3 d6 8. Bc4
O-O 9. Qd2 Nxd4 10. Bxd4 a6 11. h4 Be6 12. Bxe6 fxe6 13. O-O-O Qa5 14. Kb1 Rac8
15. Nd5 Qxd2 16. Nxf6+ Bxf6 17. Rxd2 Bxd4 18. Rxd4 Rc5 19. Rb4 b5 20. a4 Rfc8
21. axb5 axb5 22. c3 Kg7 23. Kc2 Ra8 24. Kd3 Kf6 25. g3 e5 26. Rf1 Ke6 27. f4
exf4 28. Rxf4 Ra1 29. Ke3 h5 30. Rf8 g5 31. Rb8 gxh4 32. gxh4 Rh1 33. R4xb5
Rxb5 34. Rxb5 Rxh4 35. Rf5 Kd7 36. b4 Kc6 37. Kd3 e5 38. Rg5 Kb5 39. Rg8 Rh3+
40. Kd2 h4 41. Rb8+ Kc6 42. Rh8 Kb5 43. Rb8+ Ka4 44. Ra8+ Kb3 45. b5 Rg3 46. b6
Rg7 47. Ra7 Rg8 48. b7 Rb8 49. Ra8 Rxb7 50. Rh8 Rg7 51. Rb8+ Kc4 52. Rc8+ Kb5
53. Rb8+ Kc6 54. Rc8+ Kd7 55. Rh8 Rg4 56. Rh6 Ke7 57. Kd3 Rg3+ 58. Kc4 h3 59.
Kd5 Rxc3 60. Rh7+ Kf6 61. Kxd6 Rd3+ 62. Kc5 Kg5 63. Kc4 Rd4+ 64. Kc3 Kg4 65.
Rg7+ Kf3 66. Rh7 Kg2 67. Rg7+ Kh1 68. Rh7 h2 69. Rh4 Kg2 70. Rg4+ Kh3 71. Rg8
Rxe4 0-1

[Event "I Festival Terra degli Elimi"]
[Site "Erice ITA"]
[Date "2010.07.31"]
[Round "4"]
[White "Bocci, Alessandro"]
[Black "Nobile, Stefano"]
[Result "0-1"]
[WhiteElo "1961"]
[BlackElo "1740"]
[PlyCount "80"]
[EventDate "2010.07.28"]

1. d4 Nf6 2. c4 e6 3. Nf3 b6 4. a3 Bb7 5. Nc3 Be7 6. d5 O-O 7. e4 d6 8. Bd3
Nbd7 9. O-O a5 10. h3 Nc5 11. b3 Nfd7 12. Be3 e5 13. Qc2 Nxd3 14. Qxd3 Nc5 15.
Qc2 Bc8 16. b4 Nb7 17. c5 bxc5 18. bxc5 Nxc5 19. Bxc5 dxc5 20. Nxe5 Bd6 21. Nc6
Qg5 22. Qd3 Ba6 23. Nb5 Qf4 24. g3 Bxb5 25. Qxb5 Qxe4 26. Rad1 Rfe8 27. Qb2 Qf3
28. a4 Re2 29. Rd2 Rae8 30. Rxe2 Qxe2 31. Qxe2 Rxe2 32. Rb1 g6 33. Ra1 c4 34.
Nxa5 Be5 35. Rc1 c3 36. Nc4 Bd4 37. a5 Rxf2 38. Ne3 Re2 39. Ra1 c2 40. Kf1 Bxa1
0-1

[Event "I Festival Terra degli Elimi"]
[Site "Erice ITA"]
[Date "2010.07.31"]
[Round "4"]
[White "Castelli, Giovanni J."]
[Black "Palazzotto, Roberto"]
[Result "0-1"]
[WhiteElo "1792"]
[BlackElo "1973"]
[PlyCount "94"]
[EventDate "2010.07.28"]

1. d4 d5 2. c4 c6 3. Nf3 Nf6 4. Qc2 Bg4 5. Ne5 Bh5 6. cxd5 Nxd5 7. Qb3 Qb6 8.
Qxb6 Nxb6 9. Nc3 e6 10. g4 Bg6 11. h4 f6 12. Nxg6 hxg6 13. e4 N8d7 14. Be3 Be7
15. O-O-O O-O-O 16. Be2 Kb8 17. Kb1 f5 18. g5 Bd6 19. d5 exd5 20. exd5 Ne5 21.
dxc6 bxc6 22. Bd4 c5 23. Be3 Nec4 24. Nb5 Nxe3 25. Rxd6 Rxd6 26. Nxd6 Ng2 27.
h5 gxh5 28. Bxh5 g6 29. Nf7 Rxh5 30. Rxh5 gxh5 31. g6 Nd7 32. g7 Nf6 33. Nh6 h4
34. Nxf5 h3 35. Kc2 Nh4 36. Ng3 h2 37. Kd1 Nf5 38. Nh1 Nxg7 39. Ke2 Nd5 40. Kf3
Nb4 41. a3 Nd3 42. Kg2 Nxb2 43. Kxh2 c4 44. Ng3 c3 45. Ne2 c2 46. Nc1 Ne6 47.
f4 Nxf4 0-1

[Event "I Festival Terra degli Elimi"]
[Site "Erice ITA"]
[Date "2010.07.31"]
[Round "4"]
[White "Condorelli, Roberto"]
[Black "Di Via, Saverio"]
[Result "0-1"]
[WhiteElo "1653"]
[BlackElo "1740"]
[PlyCount "52"]
[EventDate "2010.07.28"]

1. Nf3 d5 2. d4 Nc6 3. c4 Bf5 4. Nc3 e6 5. cxd5 exd5 6. Qb3 Nb4 7. e4 dxe4 8.
Ne5 Be6 9. Qd1 Nf6 10. a3 Qxd4 11. Qa4+ c6 12. Nxc6 Nxc6 13. Qc2 Be7 14. Be3
Qe5 15. Bb5 O-O 16. O-O Ng4 17. g3 Qh5 18. h4 Bxh4 19. gxh4 Qxh4 20. Bf4 Nd4
21. Qxe4 Rad8 22. Rad1 Nxb5 23. Nxb5 Rxd1 24. Rxd1 Qxf2+ 25. Kh1 Qxb2 26. Qxb7
Nf2+ 0-1

[Event "I Festival Terra degli Elimi"]
[Site "Erice ITA"]
[Date "2010.07.31"]
[Round "4"]
[White "Ferrante, Filippo"]
[Black "Nocera, Alice"]
[Result "1-0"]
[WhiteElo "1619"]
[BlackElo "1389"]
[PlyCount "79"]
[EventDate "2010.07.28"]

1. Nf3 Nf6 2. g3 g6 3. Bg2 Bg7 4. O-O d5 5. d3 Bg4 6. Nbd2 Nbd7 7. b3 c5 8. Rb1
a6 9. Bb2 O-O 10. Ne5 d4 11. Nxg4 Nxg4 12. Bxb7 Ra7 13. Bg2 e5 14. Ba3 a5 15.
Bc6 Rc7 16. Bxd7 Qxd7 17. Nc4 Qd5 18. Nxa5 Ra8 19. Nc4 Rb7 20. e4 dxe3 21. Qxg4
exf2+ 22. Rxf2 f5 23. Qe2 e4 24. Ne3 Qe6 25. Bb2 Bxb2 26. Rxb2 Qe5 27. c4 Rd7
28. Nd5 Rb8 29. dxe4 Rf7 30. exf5 Rxf5 31. Rxf5 gxf5 32. Qxe5 Rf8 33. Rf2 h6
34. Ne7+ Kh7 35. Rxf5 Rxf5 36. Qxf5+ Kg7 37. Qg6+ Kf8 38. Nf5 h5 39. Qg7+ Ke8
40. Qe7# 1-0

[Event "I Festival Terra degli Elimi"]
[Site "Erice ITA"]
[Date "2010.07.31"]
[Round "4"]
[White "Gangemi, Salvatore"]
[Black "Marholev, Dimitar"]
[Result "0-1"]
[WhiteElo "2091"]
[BlackElo "2428"]
[PlyCount "76"]
[EventDate "2010.07.28"]

1. c4 g6 2. Nc3 Bg7 3. g3 Nf6 4. Bg2 O-O 5. e4 d6 6. Nge2 c5 7. O-O Nc6 8. d3
Ne8 9. Be3 Nd4 10. Qd2 Nc7 11. Rab1 Rb8 12. b4 b6 13. b5 Bb7 14. Bh6 e6 15.
Bxg7 Kxg7 16. Nxd4 cxd4 17. Ne2 e5 18. f4 f5 19. Rf2 fxe4 20. dxe4 Ne6 21. Rbf1
Nc5 22. f5 Bxe4 23. f6+ Kh8 24. f7 Bxg2 25. Rxg2 Rb7 26. Nxd4 Rbxf7 27. Rxf7
Rxf7 28. Nc6 Qf6 29. Rf2 Qxf2+ 30. Qxf2 Rxf2 31. Kxf2 Nd3+ 32. Ke3 Nb2 33. c5
bxc5 34. Nxa7 Nc4+ 35. Ke4 Nb6 36. Nc8 Nxc8 37. a4 Nb6 38. a5 Nc4 0-1

[Event "I Festival Terra degli Elimi"]
[Site "Erice ITA"]
[Date "2010.07.31"]
[Round "4"]
[White "Gromovs, Sergejs"]
[Black "Monaco, Alessandro"]
[Result "1-0"]
[WhiteElo "2365"]
[BlackElo "1802"]
[PlyCount "63"]
[EventDate "2010.07.28"]

1. d4 Nf6 2. Nf3 c5 3. d5 d6 4. c4 e6 5. Nc3 exd5 6. cxd5 g6 7. e4 Bg7 8. Bg5
h6 9. Bh4 a6 10. Nd2 O-O 11. a4 Re8 12. Be2 Nbd7 13. f4 Qc7 14. O-O b6 15. Qc2
Bb7 16. Nc4 Nh7 17. Bg3 Re7 18. Bf3 Bxc3 19. bxc3 b5 20. Rae1 Bxd5 21. exd5
Rxe1 22. Rxe1 bxc4 23. f5 g5 24. h4 f6 25. Re6 Ne5 26. Bxe5 fxe5 27. Rxh6 gxh4
28. f6 Ra7 29. Qg6+ Kf8 30. Bh5 Qf7 31. Qxf7+ Rxf7 32. Bxf7 1-0

[Event "I Festival Terra degli Elimi"]
[Site "Erice ITA"]
[Date "2010.07.31"]
[Round "4"]
[White "La Bella, Roberto"]
[Black "Savalla, Pietro"]
[Result "1-0"]
[WhiteElo "2098"]
[BlackElo "1583"]
[PlyCount "45"]
[EventDate "2010.07.28"]

1. e4 e5 2. f4 exf4 3. Nf3 d6 4. d4 Nf6 5. Nc3 Be7 6. Bxf4 O-O 7. Qd2 c6 8. Bd3
Nbd7 9. O-O-O b5 10. e5 dxe5 11. dxe5 Ne8 12. Be4 Qb6 13. Nd4 Bb7 14. Nf5 Bg5
15. Bxg5 Nxe5 16. Bd8 Qa6 17. Be7 Qa5 18. Qd4 f6 19. Bxf8 Kxf8 20. Qc5+ Kg8 21.
Ne7+ Kf7 22. Bxh7 Nc7 23. Nf5 1-0